Which countries have been on the Moon? - Statistics

General Stats
  • This quiz has been taken 77 times
  • The average score is 6 of 9
Answer Stats
Missions Answer % Correct
23 Union of Soviet Socialist Republics
100%
42 United States
99%
8 China
97%
3 India
88%
5 Japan
87%
1 South Korea
57%
1 Italy
44%
1 Europe
12%
1 Luxembourg
6%
No matching quizzes found
Score Distribution
Percent of People with Each Score
Percentile by Number Answered
Your Score History
You have not taken this quiz